| 000 | 01471cam a2200361 a 4500 | ||
|---|---|---|---|
| 001 | 000011977 | ||
| 005 | 20200929162637.0 | ||
| 008 | 001013s1999 ck a b 100 0 spa | ||
| 020 | _a9589676715 | ||
| 040 |
_aDO-SdBNP _bspa _cDLC _dBNPHU |
||
| 082 |
_a394.25861 _bE53p |
||
| 111 | 1 |
_aEncuentro de Investigadores del Carnaval de Barranquilla _n(1 er. : _d1998) _928295 |
|
| 245 | 1 | 0 |
_aPrimer Encuentro de Investigadores del Carnaval de Barranquilla : _bmemorias / _cMatín Orozco Cantillo...[et.al]. |
| 260 |
_aBarranquilla : _bFondo de Publicaciones de la Universidad del Atlántico ; _bUniversidad del Atlántico, _c1999. |
||
| 300 |
_a136 p. : _bil. ; _c22 cm. |
||
| 504 | _aIncluye referencias bibliográficas y notas al pie de las páginas. | ||
| 650 | 4 |
_aCarnaval _zColombia _vCONGRESOS. _928296 |
|
| 651 | 4 |
_aBarranquilla (Colombia{Rpara} _xVida Social Y Costumbres _vCONGRESOS. _928297 |
|
| 700 | 1 |
_aOrozco Cantillo, Martín. _928298 |
|
| 700 | 1 |
_aSoto Manenett. _928299 |
|
| 700 | 1 |
_aChois de Borja, Elvira. _928300 |
|
| 700 | 1 |
_aTorres R., Luz Marina. _928301 |
|
| 700 | 1 |
_aRamos Vives, Edmundo. _928302 |
|
| 700 | 1 |
_aVarela A., Rocio. _928303 |
|
| 700 | 1 |
_aParra, Hernando. _928304 |
|
| 700 | 1 |
_aQuintero, Marieta. _928305 |
|
| 700 | 1 |
_aCandela, Mariano. _928306 |
|
| 700 | 1 |
_aHernández L., Rogelio. _928307 |
|
| 700 | 1 |
_aBuelvas, Mirtha. _928308 |
|
| 700 | 1 |
_aEscobar, Marta Marcella. _928309 |
|
| 910 | _aCatalogación por copia / LC | ||
| 049 | _aBNGR | ||
| 999 |
_c11646 _d11646 |
||